00726nam a2200193Ia 4500001001900000003000900019008004100028040002300069041001300092100001900105245009500124250001500219260002700234300003700261490002000298501012400318520005800442700003200500938-STO ci (17328)IT-MiSPE171229s9999||||xx |||||||||||||| ||und|| aIT-MiSPEcIT-MiSPE aITALIANO aLuigi Moretti  0aStoria e civiltà dei GrecibIV/8. La società ellenistica: Economia, diritto, religione a1a ed. (v) aMilanobBompianic1990 aLXXII, 315-616 p. [10 v.]c20 cm aV/10 v.v 4°/8 aEdizioni San Paolo srl - Piazza Soncino, 5 - 20092 CINISELLO BALSAMO (MI) (non commercial uses only) ® Copyright 2018 aAA.VV, Ranuccio Bianchi Bandinelli (dir.). Ill., tav. aRanuccio Bianchi Bandinelli